000 00715nam a2200253Ia 4500
003 AR-BeUNQ
005 20241125155413.0
008 221202s9999 xx 000 0 und d
020 _a9789875582941
040 _aAR-BeUNQ
_bspa
_eaacr
_cAR-BeUNQ
082 _221
_a310
100 _aCiollaro, Noemi
_d2000
_caut
245 0 _aHijos del Sur :
_bTestimonios de hijos de detenidos-desaparecidos
250 _a1a ed.
260 _aBernal :
_bUNQ,
_c2014
300 _a112 p. ;
_c23 x 15 cm
500 _aDDHH.
546 _aEspaƱol
650 _2spines
_aDerchos Humanos
651 _2unescot
_aArgentina
653 _aNarrativa testimonial
929 _bUNQ
_e2019
_aDONACION
_fPAT0081502
_j58922
942 _cLIB
_n0
999 _c453
_d453